000 01569nam a2200313 a 4500
001 BRCA_2500
005 20190320203835.0
008 241108s1855----fr-#---###---#000-0dspa-u
041 _aspa
044 _afr
084 _a141
_b.B39
_c1855
100 1 _aCervantes Saavedra, Miguel de
_d1547-1616
_9213
245 1 0 _aEl Ingenioso Hidalgo Don Quijote de la Mancha
_ccompuesto por Miguel de Cervantes Saavedra.
260 _aParís
_bBaudry
_c1855
300 _a1 v. (en varias paginaciones)
_c22 cm.
_e1 carta facsímil de Cervantes
440 0 _aObras de Miguel de Cervantes Saavedra
_97200
500 _aContenido : Primera parte. Retrato de Cervantes. Vida de Cervantes por M. F. de Navarrete. Dedicatoria del autor. prólogo del autor. Versos preliminares. Texto. Segunda parte. Dedicatoria del autor. prólogo del autor. texto
500 _aEdición : Con la vida de Cervantes por D. M. F. de Navarrete
500 _aCopia de la edición de 1845, del mismo editor. Buena impresión. Piel; lomos y planos decorados con florones dorados. Hermoso ejemplar. Forma parte de Obras de M. de Cervantes, tomo I Lúdovik Osterc
500 _aQM126
650 1 4 _aNovela española
_yÉpoca clásica, 1500-1700
_9215
650 1 4 _aLiteratura española
_yÉpoca clásica, 1500-1700
_9216
650 1 4 _aNovela española
_ySiglo XVII
_9217
650 1 4 _aDon Quijote (Personaje ficticio)
_eNovela
_9218
700 1 _aFernández de Navarrete, Martín
_d1765-1844
_eBiógrafo
_97201
740 0 _aEl Ingenioso Hidalgo Don Quijote de la Mancha
902 _aQFM
942 _2lcc
_cB
999 _c2241
_d2241